000 00961nam a2200277 i 4500
001 000027183
003 DO-SdBNP
005 20241205134412.0
007 ta
008 110330s1971 dr 000 | spa d
040 _aDO-SdBNP
_bspa
_cBNPHU
_erda
041 _aspa
082 4 _a972.93052
_bN789o
_222
100 1 _aNolasco, Sócrates,
_d1884-1980
_eautor
_922323
_4aut.
245 1 3 _aLa ocupación militar de Santo Domingo por Estados Unidos de América :
_b1916-1924 /
_cSócrates Nolasco.
264 1 _aSanto Domingo :
_bEditora del Caribe,
_c1971.
300 _avolumen ;
_c19 cm.
336 _atexto
_btxt
_2rdacontent
337 _asin mediación
_bn
_2rdamedia
338 _avolumen
_bnc
_2rdacarrier
500 _aIncluye notas al pie de las páginas.
590 _aInventariado, 2023/MFF
651 4 _aRepública Dominicana
_xHistoria
_yOcupación Estadounidense, 1916-1924
_954249
910 _aValidado. Control de calidad MFF
942 _2ddc
_cLBS1
999 _c26675
_d26675